[Event "Oberliga Bayern9899"]
[Site "Bayern"]
[Date "1999.??.??"]
[Round "?"]
[White "Bachmayer, Peter"]
[Black "Wall, Gavin"]
[Result "1-0"]
[WhiteElo "2330"]
[BlackElo "2290"]

1.d4 f5 2.Nf3 Nf6 3.g3 g6 4.Bg2 Bg7 5.O-O O-O 6.c4 d6 7.Nc3 Qe8 8.d5 Na6
9.Nd4 Bd7 10.e4 fxe4 11.Nxe4 Nxe4 12.Bxe4 Nc5 13.Bg2 a5 14.Be3 c6 15.Qd2 a4
16.Rfe1 cxd5 17.Bxd5+ e6 18.Bg2 Ra6 19.Rad1 Rf7 20.Qb4 Bf8 21.Qd2 Bg7 22.Bh6 Bxh6
23.Qxh6 Qd8 24.Rd2 Qa5 25.h4 Rb6 26.Qe3 Qb4 27.Rc1 Rf6 28.Rc3 e5 29.Bd5+ Kg7
30.Nf3 Ne6 31.Ng5 Nxg5 32.hxg5 Rf8 33.c5 dxc5 34.Qxe5+  1-0

[Event "Budapest FS09 Elo"]
[Site "Budapest"]
[Date "1999.??.??"]
[Round "8"]
[White "Banhazi, Istvan"]
[Black "Lamprecht, Mark"]
[Result "1/2-1/2"]
[WhiteElo "2105"]
[BlackElo "2140"]

1.Nf3 f5 2.c4 Nf6 3.g3 g6 4.Bg2 Bg7 5.d4 O-O 6.O-O c6 7.d5 d6 8.Nc3 e5 9.dxe6 Bxe6
10.Qd3 Na6 11.Bf4 Ne8 12.b3 Nc5 13.Qe3 Bf7 14.Ng5 Qf6 15.Rac1 Ne6 16.Rfd1 Nxf4
17.Qxf4 h6 18.Nxf7 Rxf7 19.b4 g5 20.Qd2 a6 21.a4 Kh8 22.f4 Qe6 23.fxg5 hxg5
24.Qxg5 Bh6 25.Qh4 Qe3+ 26.Kh1 Rh7 27.Rc2 Qe6 28.Qd4+ Bg7 29.Qd3 Be5 30.Rf1 Qh6
31.h3 Ng7 32.Rxf5 Nxf5 33.Qxf5 Bxg3 34.Ne4 Be5 35.Ng5  1/2-1/2

[Event "CZE-chT 9899"]
[Site "CZE"]
[Date "1999.??.??"]
[Round "7"]
[White "Neckar, Lubomir"]
[Black "Tobyas, Miroslav"]
[Result "1-0"]
[WhiteElo "2350"]
[BlackElo "2310"]

1.Nf3 g6 2.d4 Bg7 3.g3 f5 4.Bg2 Nf6 5.O-O O-O 6.c4 d6 7.d5 e5 8.dxe6 Nc6
9.Ng5 Qe8 10.Nc3 h6 11.Nh3 Bxe6 12.Nd5 Qd7 13.Nhf4 Bf7 14.Nxf6+ Bxf6 15.Nd5 Bxd5
16.cxd5 Ne5 17.Bxh6 Rf7 18.Qc1 Qb5 19.Qc2 Ng4 20.Bc1 Re8 21.e3 Ne5 22.Rb1 Qd7
23.b3 Rh7 24.h3 Qg7 25.Bb2 Qh8 26.f4 Nd7 27.Bxf6 Nxf6 28.Rbe1 Ree7 29.Qb2 Kf7
30.h4 Qe8 31.Qd4 b6 32.Kh2 Ng4+ 33.Kh3 Nxe3 34.Rg1 Nxg2 35.Rxe7+ Qxe7 36.Kxg2 Qe2+
37.Qf2 Qd3 38.Qf3 Qd2+ 39.Kh3 Qxa2 40.Re1 Kf8 41.Qe3 Rf7 42.Qc3 Kg8 43.Re8+ Rf8
44.Re6 Rf7 45.Rxg6+ Kh7 46.Rh6+  1-0

[Event "Moravia-chT 9899"]
[Site "CZE"]
[Date "1999.??.??"]
[Round "9"]
[White "Dobes, Ludek"]
[Black "Vrana, Frantisek"]
[Result "1/2-1/2"]
[WhiteElo "2155"]
[BlackElo "2215"]

1.d4 f5 2.Nf3 Nf6 3.c4 g6 4.g3 Bg7 5.Bg2 O-O 6.O-O d6 7.Nc3 c6 8.d5 Qe8 9.Nd4 Bd7
10.Rb1 Na6 11.b3 Nc7 12.Bb2 g5 13.dxc6 bxc6 14.e4 f4 15.Nf5 Bxf5 16.exf5 h5
17.Qf3 d5 18.gxf4 g4 19.Qe3 Qd7 20.Ne2 Rae8 21.Nd4 e6 22.fxe6 Nxe6 23.Nxe6 Rxe6
24.Qd3 dxc4 25.Qxc4 Nd5 26.Bxg7 Kxg7 27.Rbd1 Rd6 28.Rd4 Rff6 29.Re1 Qf7 30.Re5 Rf5
31.Be4 Rxf4 32.Bxd5 cxd5 33.Rxf4 dxc4 34.Rxf7+ Kxf7 35.bxc4 Ra6 36.Rxh5 Kg6
37.Re5 Rxa2 38.Kg2 Ra3 39.Re2 Rc3 40.Ra2 Kf7  1/2-1/2

[Event "IRL-ch"]
[Site "Drogheda"]
[Date "1999.??.??"]
[Round "2"]
[White "O'Cinneide, Mel"]
[Black "Clarke, Thomas"]
[Result "0-1"]
[WhiteElo "2280"]
[BlackElo "2170"]

1.d4 f5 2.g3 Nf6 3.Bg2 g6 4.Nf3 Bg7 5.O-O O-O 6.c4 d6 7.Nc3 Nc6 8.d5 Ne5
9.Nxe5 dxe5 10.Qb3 h6 11.c5 Kh8 12.Rd1 g5 13.Bd2 f4 14.Be1 Bg4 15.Qc4 Qc8
16.Ne4 Bh3 17.Bh1 Ng4 18.Rac1 Qe8 19.Nd2 Qh5 20.Nf3 fxg3 21.hxg3 Bf1 22.Qe4 Rf7
23.Rc4 Raf8 24.d6 exd6 25.cxd6 cxd6 26.Rxd6 Nf6 27.Qc2 e4 28.Ne5 Re7 29.g4 Qe8
30.Bc3 Rxe5 31.Bxe5 Qxe5 32.Rxf6 Qxf6 33.f3 exf3 34.Bxf3 Bxe2 35.Bxe2 Qf2+
36.Kh1 Qe1+ 37.Kg2 Rf2+  0-1

[Event "Cataluna-chT"]
[Site "ESP"]
[Date "1999.??.??"]
[Round "2"]
[White "Campos Moreno, Javier B"]
[Black "Castany Pampalona, Luis Maria"]
[Result "0-1"]
[WhiteElo "2510"]
[BlackElo "2350"]

1.d4 f5 2.g3 Nf6 3.Bg2 g6 4.Nf3 Bg7 5.O-O O-O 6.c4 d6 7.Nc3 Nc6 8.d5 Ne5
9.Qb3 Nfd7 10.Be3 Nxf3+ 11.Bxf3 Ne5 12.Bg2 Bd7 13.h3 c5 14.f4 Nf7 15.Rae1 a6
16.Bc1 b5 17.e4 Rb8 18.Kh2 Re8 19.exf5 gxf5 20.Bf3 Qa5 21.Bh5 Qb4 22.cxb5 Qxb3
23.axb3 axb5 24.Re6 Kf8 25.g4 b4 26.Nd1 Bxe6 27.dxe6 Nd8 28.Bxe8 Kxe8 29.gxf5 Bf6
30.Ne3 Nc6 31.Nd5 Nd4 32.Be3 Nxf5 33.Ra1 Bxb2 34.Ra7 c4 35.bxc4 Nxe3 36.Rxe7+ Kf8
37.Rf7+ Kg8 38.Nxe3 b3 39.Nf5 Bf6 40.Nh6+ Kh8 41.Ng4 b2 42.Nxf6 b1=Q 43.Kg3 Qe1+  0-1

[Event "Cataluna-chT"]
[Site "ESP"]
[Date "1999.??.??"]
[Round "3"]
[White "Hernandez Jimenez, G."]
[Black "Monzon Cervera, C."]
[Result "1/2-1/2"]
[WhiteElo "2230"]
[BlackElo "2310"]

1.d4 f5 2.Nf3 Nf6 3.g3 g6 4.Bg2 Bg7 5.O-O O-O 6.c4 d6 7.Nc3 Nc6 8.d5 Ne5
9.Nxe5 dxe5 10.c5 h6 11.Qb3 Kh8 12.h3 g5 13.Rd1 a6 14.d6 exd6 15.cxd6 cxd6
16.Qb4 Ne8 17.Be3 f4 18.Bb6 Qf6 19.Ne4 Qf7 20.Nxd6 Nxd6 21.Qxd6 Be6 22.Rac1 Rac8
23.Rc7 Rxc7 24.Qxc7 Qxc7 25.Bxc7 Bxa2 26.Bxb7 Bc4 27.Bf3 fxg3 28.fxg3 e4
29.Bxe4 Bxb2 30.Rd7 Rf7 31.Rxf7 Bxf7 32.Bd3 Be6 33.Bxa6 Bxh3 34.Kf2 Kg7 35.Kf3 h5
36.Bd8 Bf6 37.Bc7 Kg6 38.Bd3+ Kg7 39.e4 Bg4+ 40.Ke3 h4 41.gxh4 gxh4 42.Kf4 Be6
43.Bf1  1/2-1/2

[Event "FIN-chT9899"]
[Site "FIN"]
[Date "1999.??.??"]
[Round "9"]
[White "Jouhki, Yrjo Markus"]
[Black "Keskinen, Sauli"]
[Result "1-0"]
[WhiteElo "2306"]
[BlackElo "2254"]

1.Nf3 f5 2.d4 Nf6 3.g3 g6 4.Bg2 Bg7 5.O-O O-O 6.c4 d6 7.Nc3 Nc6 8.b3 e5 9.dxe5 dxe5
10.Ba3 Re8 11.Qxd8 Rxd8 12.Rad1 Rxd1 13.Rxd1 e4 14.Ng5 h6 15.Nh3 g5 16.f3 exf3
17.exf3 Be6 18.f4 g4 19.Nf2 Rd8 20.Rxd8+ Nxd8 21.Kf1 c6 22.Ke2 Bc8 23.Kd3 h5
24.Nfd1 h4 25.Ne3 Nh5 26.Ne2 h3 27.Bh1 Kf7 28.Bc5 b6 29.Bd4 c5 30.Bxg7 Nxg7
31.Nc3 Bb7 32.Bd5+ Kg6 33.Nb5 Nh5 34.Nxf5 Nxf4+ 35.Ke4 Ne2 36.Nbd6 Bxd5+
37.cxd5 Kg5 38.Ke5 Ng1 39.Ne4+ Kg6 40.Nh4+ Kf7 41.Kf4 Nb7 42.Kxg4 Ke7 43.Kf5 b5
44.Ke5 Ne2 45.g4 c4 46.bxc4 bxc4 47.Nf5+ Kd7 48.g5 c3 49.Ne3 Na5 50.g6 Ke7
51.d6+ Kf8 52.Kf6 Nc6 53.g7+ Kg8 54.Nf5 c2 55.Nh6+  1-0

[Event "Oberliga Nord O9899"]
[Site "GER"]
[Date "1999.??.??"]
[Round "?"]
[White "Jacobs, Joachim"]
[Black "Goebel, Wolfgang"]
[Result "1-0"]
[WhiteElo "2160"]
[BlackElo "2175"]

1.d4 f5 2.Nf3 Nf6 3.g3 g6 4.Bg2 Bg7 5.O-O O-O 6.c4 d6 7.Nc3 Qe8 8.b3 Na6
9.Bb2 c6 10.d5 Bd7 11.Nd4 Nc7 12.Rc1 c5 13.Nf3 b5 14.cxb5 Nxb5 15.Nxb5 Bxb5
16.Nd2 Bh6 17.Rc2 Rb8 18.Nc4 f4 19.Re1 fxg3 20.hxg3 Bg7 21.e4 Bxc4 22.Rxc4 h5
23.e5 Ng4 24.f4 dxe5 25.fxe5 Rf2 26.Re2 Qf7 27.Rxg4 Rxe2 28.Rf4 Rxb2 29.Rxf7 Kxf7
30.Qf3+ Kg8 31.Qe4 Kh7 32.Bf1 Rf8 33.Bd3 Rf5 34.d6 exd6 35.exd6 Bd4+ 36.Kh1 Rxa2
37.Qe7+ Kh6 38.Bxf5 gxf5 39.d7 Ra1+ 40.Kg2 Ra2+ 41.Kf1  1-0

[Event "Oberliga Ost B9899"]
[Site "GER"]
[Date "1999.??.??"]
[Round "?"]
[White "Mueller, Andrea"]
[Black "Mueller, Horst"]
[Result "0-1"]
[WhiteElo "2155"]
[BlackElo "2075"]

1.d4 f5 2.c4 Nf6 3.Nf3 g6 4.g3 Bg7 5.Bg2 O-O 6.O-O d6 7.d5 c5 8.Nc3 a6 9.a4 Nbd7
10.a5 Rb8 11.Qc2 b5 12.cxb5 axb5 13.Ng5 Ne5 14.f4 Nc4 15.a6 Qb6 16.a7 Ra8
17.Ne6 Bxe6 18.dxe6 d5 19.Nxd5 Nxd5 20.Bxd5 Rxa7 21.Rxa7 Qxa7 22.Bxc4 bxc4
23.Qxc4 Rd8 24.Be3 Bd4 25.Bxd4 Rxd4 26.Qc3 Qb6 27.e3 Re4 28.Ra1 Qc6 29.Ra5 Rxe6
30.Rxc5 Qf3 31.Re5 Rd6 32.Qc4+ Kf8 33.Qc8+ Kf7 34.Rxe7+ Kxe7 35.Qc7+ Rd7
36.Qe5+ Kf7  0-1

[Event "Oberliga Nord O9899"]
[Site "GER"]
[Date "1999.??.??"]
[Round "?"]
[White "Gieritz, Dietmar"]
[Black "Goebel, Wolfgang"]
[Result "1/2-1/2"]
[WhiteElo "2185"]
[BlackElo "2175"]

1.d4 f5 2.Nf3 Nf6 3.g3 g6 4.Bg2 Bg7 5.O-O O-O 6.c4 d6 7.Nc3 Qe8 8.Nb5 Na6
9.Rb1 c6 10.Nc3 Bd7 11.b4 Nc7 12.Nd2 Nh5 13.e3 e5 14.d5 g5 15.c5 dxc5 16.bxc5 Na6
17.Ba3 e4 18.Ne2 cxd5 19.c6 Bxc6 20.Bxf8 Bxf8 21.Nd4 Ng7 22.N2b3 Nb4 23.Qd2 Nd3
24.Na5 f4 25.Nxb7 Bb4 26.Rxb4 Nxb4 27.Qxb4 Rb8 28.Nxc6 Qxc6 29.Rb1 fxe3 30.fxe3 Nf5
31.Qb5 Qxb5 32.Rxb5 Nxe3 33.Rb3 Nc2 34.Bh3 Kg7 35.Rc3 Ne1 36.Rc7+ Kf6 37.Bg4 d4
38.Nc5 Rb1 39.Nxe4+ Ke5 40.Nd2 Nf3+ 41.Kf2 Nxd2 42.Rxa7  1/2-1/2

[Event "Gyongyos op"]
[Site "Gyongyos"]
[Date "1999.??.??"]
[Round "9"]
[White "Csomos, Roland"]
[Black "Krivolopov, Konstantin"]
[Result "1/2-1/2"]
[WhiteElo "2175"]
[BlackElo "2395"]

1.d4 f5 2.Nf3 Nf6 3.g3 g6 4.Bg2 Bg7 5.O-O O-O 6.c4 d6 7.Nc3 Qe8 8.d5 Na6
9.Be3 Bd7 10.Rc1 c6 11.Bd4 Nc7 12.Re1 c5 13.Bxf6 Bxf6 14.e4 Qd8 15.e5 Bg7
16.Qd2 h6 17.a4 b6 18.Nb5 Nxb5 19.axb5 a6 20.bxa6 Rxa6 21.b4 g5 22.b5 Ra3
23.h3 Qa8 24.exd6 exd6 25.Re7 Rf7 26.Rxf7 Kxf7 27.Qe2 Ra2 28.Rc2 Ra1+ 29.Bf1 Qa4
30.Kg2 Qb3 31.Qd3 Qb1 32.Nd2 Qb4 33.Nf3 Ra3 34.Qe2 Qb3 35.Rd2 Qb1 36.Rd1 Qb4
37.Rd2 Qa4 38.Rd3 Ra1 39.Re3 Bf8 40.Nxg5+ hxg5 41.Qh5+ Kf6 42.Qh8+ Kf7 43.Qh5+ Kf6  1/2-1/2

[Event "Havana Provincial"]
[Site "Havana"]
[Date "1999.??.??"]
[Round "?"]
[White "Bezanilla, Alexis"]
[Black "Pujols, Carlos"]
[Result "1-0"]
[WhiteElo "2300"]
[BlackElo "2330"]

1.d4 f5 2.Nf3 Nf6 3.g3 g6 4.Bg2 Bg7 5.O-O O-O 6.c4 d6 7.Nc3 Nc6 8.d5 Ne5
9.Nxe5 dxe5 10.e4 f4 11.gxf4 Nh5 12.fxe5 Bxe5 13.Ne2 Qd6 14.f4 Nxf4 15.Nxf4 Bxf4
16.Bxf4 Rxf4 17.Rxf4 Qxf4 18.Qd4 e5 19.Qc5 b6 20.Qc6 Qe3+ 21.Kh1 Bh3 22.Qxa8+ Kg7
23.Bxh3 Qxh3 24.Qc6 Qf3+ 25.Kg1 Qe3+ 26.Kf1 Qf3+ 27.Ke1 Qh1+ 28.Kd2 Qxa1
29.Qxc7+ Kh6 30.Qxe5 Qxa2 31.d6 Qxc4 32.d7 Qb4+ 33.Qc3 Qd6+ 34.Qd3 Qxh2+
35.Kd1  1-0

[Event "Havana Provincial"]
[Site "Havana"]
[Date "1999.??.??"]
[Round "?"]
[White "Bezanilla, Alexis"]
[Black "Perez, Yosvanny"]
[Result "1-0"]
[WhiteElo "2300"]
[BlackElo "2295"]

1.d4 f5 2.Nf3 Nf6 3.g3 g6 4.Bg2 Bg7 5.O-O O-O 6.c4 d6 7.Nc3 Qe8 8.Nd5 Nxd5
9.cxd5 Qb5 10.Ng5 a5 11.a4 Qb6 12.e3 Na6 13.Ne6 Bxe6 14.dxe6 c6 15.d5 Nc5
16.Bd2 Rfc8 17.Bc3 Qb3 18.Qd2 Bxc3 19.bxc3 Nxa4 20.e4 fxe4 21.Rfb1 Qxc3 22.Qg5 Nc5
23.Qxe7 Qe5 24.dxc6 bxc6 25.Bh3 a4 26.Rd1 Rd8 27.Qc7 Nxe6 28.Qxc6 Ng5 29.Bf1 Nf3+
30.Kg2 d5 31.Rab1 Ra7 32.Rxd5 Rxd5 33.Bc4 Ra5  1-0

[Event "Helsinki We I HSK"]
[Site "Helsinki"]
[Date "1999.??.??"]
[Round "5"]
[White "Tsiganova, Monika"]
[Black "Bibik, Jura"]
[Result "0-1"]
[WhiteElo "2198"]
[BlackElo "2270"]

1.d4 f5 2.Nf3 Nf6 3.g3 g6 4.Bg2 Bg7 5.O-O O-O 6.c4 d6 7.Nc3 c6 8.Qc2 Na6
9.b3 Qe8 10.Bb2 h6 11.Rfe1 g5 12.Rad1 Qh5 13.d5 c5 14.a3 Bd7 15.e3 Nc7 16.b4 b6
17.b5 Rae8 18.a4 f4 19.exf4 gxf4 20.Nh4 fxg3 21.hxg3 Ng4 22.Be4 Rxf2 23.Bh7+ Kh8
24.Qd3 Bd4 25.Bg6 Rxb2+ 26.Qxd4+ cxd4 27.Bxh5 dxc3 28.Bxe8 Nxe8 29.Rxe7 Nef6
30.Rc1 c2 31.Re2 Rb3 32.Rcxc2 Rxg3+ 33.Kf1 Ne3+ 34.Rxe3 Rxe3 35.Rg2 Bh3  0-1

[Event "HUN-chT9899"]
[Site "HUN"]
[Date "1999.??.??"]
[Round "?"]
[White "Peter, Ambrus"]
[Black "Somlai, Laszlo"]
[Result "0-1"]
[WhiteElo "2405"]
[BlackElo "2335"]

1.d4 f5 2.Nf3 Nf6 3.g3 g6 4.Bg2 Bg7 5.O-O O-O 6.c4 d6 7.Nc3 Nc6 8.d5 Ne5
9.Nxe5 dxe5 10.Qb3 h6 11.c5 Kh8 12.Rd1 g5 13.Bd2 a6 14.Be1 e4 15.Qb4 Rb8
16.d6 exd6 17.cxd6 cxd6 18.Rxd6 Qe7 19.Rad1 Be6 20.Qb6 Rfe8 21.Na4 Nd7 22.Qa5 Ne5
23.Nc5 Bc4 24.Bf1 Nc6 25.Qa4 Bb5 26.Qc2 Bd3 27.Rxh6+ Bxh6 28.exd3 Nd4 29.Bc3 Qxc5
30.dxe4 Bg7 31.Rxd4 Bxd4 32.Qe2 Bxc3 33.Qh5+ Kg8 34.bxc3 Re7 35.exf5 Qxf5
36.Bc4+ Kg7  0-1

[Event "HUN-chT9899"]
[Site "HUN"]
[Date "1999.??.??"]
[Round "?"]
[White "Orso, Janos"]
[Black "Torma, Laszlo"]
[Result "1-0"]
[WhiteElo "2250"]
[BlackElo "2010"]

1.d4 f5 2.g3 Nf6 3.Bg2 g6 4.Nf3 Bg7 5.c4 O-O 6.O-O d6 7.Nc3 Nc6 8.d5 Na5
9.Qd3 c5 10.Bd2 a6 11.Ng5 Rb8 12.a4 Nb3 13.Ra3 Nxd2 14.Qxd2 h6 15.Nh3 Qe8
16.Nf4 g5 17.Nd3 Qh5 18.f3 Ne8 19.f4 Nf6 20.Nf2 Bd7 21.Bf3 g4 22.Bg2 b5 23.axb5 axb5
24.cxb5 Bxb5 25.Ra7 Bd7 26.Rfa1 Rfc8 27.Ncd1 Qe8 28.Qc2 Rb4 29.Ne3 e6 30.R1a6 Nxd5
31.Nxd5 exd5 32.Bxd5+ Be6 33.Qxf5 Bxd5 34.Qxd5+ Kh8 35.Rxg7 Kxg7 36.Ra7+ Kh8
37.Qf5 Qg8 38.Qf6+  1-0

[Event "HUN-chT29899"]
[Site "HUN"]
[Date "1999.??.??"]
[Round "?"]
[White "Horvath, Jozsef M"]
[Black "Grunberg, Mihai"]
[Result "0-1"]
[WhiteElo "2155"]
[BlackElo "2390"]

1.d4 f5 2.c4 Nf6 3.g3 g6 4.Bg2 Bg7 5.Nf3 O-O 6.O-O d6 7.Nc3 c6 8.Re1 Ne4
9.Qb3 e6 10.Be3 Nxc3 11.bxc3 h6 12.h4 Nd7 13.c5 d5 14.Bf4 Kh7 15.Rad1 b6
16.cxb6 axb6 17.e3 Qe7 18.c4 Ra3 19.Qc2 Bb7 20.cxd5 exd5 21.Rd3 Rfa8 22.Rxa3 Rxa3
23.h5 g5 24.Qxf5+ Kg8 25.Bc7 Rxa2 26.Bh3 Nf6 27.Qe6+ Qxe6 28.Bxe6+ Kh8 29.Bf5 Ne4
30.Bxe4 dxe4 31.Ne5 Ra6 32.Nf7+ Kg8 33.Nd6 Ba8 34.Rb1 c5 35.Rxb6 Ra1+ 36.Kg2 cxd4
37.Nf5 d3 38.Rd6 Bf8 39.Rd8 Kf7 40.g4 Bc6 41.Be5 Rc1 42.Kg3 Ba4 43.f3 Bb4
44.Bd6 Be1+ 45.Kg2 exf3+ 46.Kxf3 d2  0-1

[Event "HUN-chT29899"]
[Site "HUN"]
[Date "1999.??.??"]
[Round "?"]
[White "Vrona, Mihail"]
[Black "Supolo, Jozsef"]
[Result "1/2-1/2"]
[WhiteElo "2205"]
[BlackElo "2255"]

1.d4 f5 2.g3 Nf6 3.Bg2 g6 4.Nf3 Bg7 5.O-O O-O 6.c4 d6 7.Nc3 c6 8.Bg5 Qe8
9.d5 Na6 10.Nd4 Bd7 11.Qd2 Rd8 12.Bh6 e5 13.dxe6 Bxe6 14.Bxg7 Kxg7 15.b3 Bg8
16.Rfe1 Nc5 17.Rad1 a5 18.Qb2 Nce4 19.e3 Qe5 20.f3 Nc5 21.e4 f4 22.Nce2 Nh5
23.g4  1/2-1/2

[Event "Balaton op"]
[Site "Hungary"]
[Date "1999.??.??"]
[Round "2"]
[White "Fliszar, Dezso"]
[Black "Galyas, Miklos"]
[Result "0-1"]
[WhiteElo "2010"]
[BlackElo "2440"]

1.Nf3 f5 2.c4 Nf6 3.g3 g6 4.Bg2 Bg7 5.O-O O-O 6.d4 d6 7.Nc3 Qe8 8.Qc2 e5
9.dxe5 dxe5 10.e4 Nc6 11.Be3 f4 12.Bc5 Rf7 13.Ng5 Rd7 14.Nd5 b6 15.Bh3 bxc5
16.Be6+ Kh8 17.Bxd7 Qxd7 18.Rad1 Nd4 19.Qd3 c6 20.Nc3 h6 21.Nf3 Qh3 22.Nxe5 Ng4
23.Nxg4 Bxg4 24.f3 fxg3 25.Rd2 Nxf3+ 26.Rxf3 Bxf3  0-1

[Event "Balaton op"]
[Site "Hungary"]
[Date "1999.??.??"]
[Round "5"]
[White "Fliszar, Dezso"]
[Black "Ritter, Gabor"]
[Result "0-1"]
[WhiteElo "2010"]
[BlackElo "2190"]

1.Nf3 f5 2.c4 Nf6 3.g3 g6 4.Bg2 Bg7 5.O-O O-O 6.d4 d6 7.Nc3 Qe8 8.d5 Na6
9.Nd4 Nc5 10.e3 Bd7 11.Qc2 a6 12.b3 Rb8 13.Bb2 e5 14.dxe6 Nxe6 15.Nxe6 Bxe6
16.Rad1 Qf7 17.Nd5 Rfd8 18.Nf4 Kh8 19.Bd4 b6 20.Qb2 Bc8 21.Nd5 Nxd5 22.cxd5 Bb7
23.Rc1 Rd7 24.Rc2 Re8 25.Bxg7+ Qxg7 26.Qxg7+ Kxg7 27.Rfc1 Ree7 28.Kf1 Kf6
29.Ke2 g5 30.Kd3 Rg7 31.Kd4 Rde7 32.e4 fxe4 33.Bxe4 Bc8 34.f3 h6 35.g4 Rgf7
36.Rh1 Rg7 37.h4 Kf7 38.hxg5 hxg5 39.Rch2 Re8 40.Rh7 Rg8 41.R7h6 Ke7 42.Rh7 Bd7
43.Bf5 Bxf5 44.gxf5 Kf6 45.R7h6+ Kxf5 46.Re1 Rf8 47.Re4 Rf6 48.Rh8 Rff7 49.Rh2 Re7
50.Rg4 Rh7 51.Rhg2 Rh5 52.Kd3 Re5 53.Rd4 b5 54.a4 Re1 55.Kc3 Re3+  0-1

[Event "ISR-chT"]
[Site "Israel"]
[Date "1999.??.??"]
[Round "8"]
[White "Alterman, Boris"]
[Black "Oratovsky, Michael"]
[Result "1-0"]
[WhiteElo "2616"]
[BlackElo "2480"]

1.Nf3 g6 2.c4 Bg7 3.d4 f5 4.g3 Nf6 5.Bg2 O-O 6.O-O d6 7.Nc3 Nc6 8.d5 Na5
9.Nd2 c5 10.a3 b6 11.Qc2 Bd7 12.b3 a6 13.Bb2 Rb8 14.e3 b5 15.Rab1 Qc8 16.Ne2 Nb7
17.Nf4 Nd8 18.Rfc1 Nf7 19.Ba1 Qe8 20.b4 cxb4 21.axb4 bxc4 22.Nxc4 Nd8 23.Na5 Rc8
24.Qa2 Rxc1+ 25.Rxc1 g5 26.Ne2 Qf7 27.Rc7 Bb5 28.Nd4 f4 29.e4 fxg3 30.hxg3 Qh5
31.f3 Ng4 32.fxg4 Qxg4 33.Qb3 Be5 34.Nac6 Bxc6 35.dxc6+ e6 36.Rd7 Nxc6 37.Nxe6  1-0

[Event "Mancha Real-A 2nd"]
[Site "Mancha Real"]
[Date "1999.??.??"]
[Round "1"]
[White "Garcia Martinez, Silvino"]
[Black "Fernandez Siles, Luis"]
[Result "1/2-1/2"]
[WhiteElo "2445"]
[BlackElo "2225"]

1.d4 f5 2.Nf3 Nf6 3.g3 g6 4.Bg2 Bg7 5.O-O O-O 6.c4 d6 7.Nc3 Qe8 8.Re1 Qf7
9.b3 Ne4 10.Bb2 Nc6 11.Rf1 Nxc3 12.Bxc3 h6 13.Qd2 e5 14.dxe5 dxe5 15.Qb2 e4
16.Ne5 Qf6 17.Nxc6 Qxc3 18.Ne7+ Kf7 19.Qxc3 Bxc3 20.Rac1 Be5 21.Nxc8 Raxc8
22.f3 exf3 23.Bxf3 b6 24.e4 Kg7 25.Rcd1 Bd6 26.exf5 Rxf5 27.Kg2 Rcf8 28.Rd3  1/2-1/2

[Event "Mondariz-B"]
[Site "Mondariz"]
[Date "1999.??.??"]
[Round "2"]
[White "Stefanova, Antoaneta"]
[Black "Fernando, Diogo"]
[Result "1-0"]
[WhiteElo "2440"]
[BlackElo "2220"]

1.d4 f5 2.Nf3 Nf6 3.g3 g6 4.Bg2 Bg7 5.O-O O-O 6.c4 d6 7.Nc3 c6 8.b3 Qa5 9.Qc2 e5
10.dxe5 dxe5 11.e4 Na6 12.a3 fxe4 13.Ng5 Nb4 14.Qd2 e3 15.fxe3 Na6 16.b4 Qd8
17.c5 Qxd2 18.Bxd2 Rd8 19.Rf2 Ng4 20.Re2 Nc7 21.h3 Nf6 22.Rf2 Bf5 23.e4 Be6
24.Bf1 Kh8 25.Nxe6 Nxe6 26.Bc4 Nd4 27.Raf1 Rf8 28.Kg2 b5 29.Ba2 Nh5 30.Rf7 a6
31.Bg5 Rxf7 32.Rxf7 Rf8 33.Rd7 Nf3 34.Be7 Ne1+ 35.Kg1 Rc8 36.Ra7 Nxg3 37.Kf2 Re8
38.Kxg3  1-0

[Event "RUS-ch sf"]
[Site "Novosibirsk"]
[Date "1999.??.??"]
[Round "7"]
[White "Erikalov, A."]
[Black "Chigvintsev, Andrei"]
[Result "1/2-1/2"]
[WhiteElo "2438"]
[BlackElo "2387"]

1.d4 f5 2.Nf3 Nf6 3.g3 g6 4.Bg2 Bg7 5.O-O O-O 6.c4 d6 7.Nc3 Qe8 8.Re1 Qf7
9.b3 Ne4 10.Bb2 Nc6 11.Rc1 e5 12.Nd5 a5 13.dxe5 dxe5 14.Nd2 Nd6 15.Ba3 e4
16.f3 e3 17.Nf1 Re8 18.Kh1 Nb4 19.Bxb4 axb4 20.Nxb4 g5 21.f4 Ne4 22.Bxe4 Rxe4
23.a4 Be6 24.Qd3 c5 25.Nd5 Rd4 26.Qc2 Rxd5 27.cxd5 Bxd5+ 28.Kg1 Bd4 29.b4 gxf4
30.Qd3 b6 31.bxc5 bxc5 32.gxf4 h5 33.Red1 Rd8 34.Ng3 h4 35.Qxf5 hxg3 36.Qg5+ Kh7
37.Rxd4 cxd4 38.Qh4+ Kg7 39.Qg5+ Kh7 40.Qh4+ Kg7 41.Qg5+  1/2-1/2

[Event "GER-ch U16"]
[Site "Oberhof"]
[Date "1999.??.??"]
[Round "?"]
[White "Feige, Manuel"]
[Black "Silber, Henning"]
[Result "1-0"]
[WhiteElo "2145"]
[BlackElo "2050"]

1.d4 f5 2.c4 Nf6 3.g3 g6 4.Bg2 Bg7 5.Nf3 O-O 6.O-O d6 7.Nc3 Qe8 8.d5 Na6
9.Nd4 Bd7 10.e4 fxe4 11.Nxe4 Nxe4 12.Bxe4 Nc5 13.Bg2 a5 14.Be3 Qf7 15.Qd2 a4
16.Rab1 Rab8 17.Rfe1 Rfe8 18.b4 axb3 19.axb3 e5 20.dxe6 Nxe6 21.Bd5 c6 22.Bxe6 Bxe6
23.Nxe6 Rxe6 24.Bf4 Be5 25.Bxe5 dxe5 26.Re4 Rbe8 27.Rbe1 Qf5 28.R1e3 Ra8
29.Kg2 Rae8 30.Qe2 R8e7 31.Kg1 Rf7 32.Qe1 Ref6 33.Re2 Qf3 34.R4e3 Qg4 35.Rxe5 Qd4
36.Re8+ Kg7 37.R8e7 b5 38.Rxf7+ Rxf7 39.cxb5 cxb5 40.Re7 Kg8 41.Re8+ Kg7
42.Qe5+ Qxe5 43.Rxe5 Rb7 44.b4 Kf6 45.f4 h6 46.h4 h5 47.Kf2 Ra7 48.Rxb5 Ra2+
49.Kf3 Ra3+ 50.Ke4 Rxg3 51.Rb8 Rb3 52.b5 Rb4+ 53.Kd5 Kf5 54.Kc5 Rb1 55.Rf8+ Kg4
56.Rf6 Kxh4 57.Rxg6 Rc1+ 58.Kd6 Rb1 59.Kc6 Rc1+ 60.Kd7 Rb1 61.b6 Rb4 62.f5 Rb5
63.Kc7 Rxf5 64.b7 Rf7+ 65.Kb6 Rf8 66.Ka7 Kh3 67.b8=Q Rxb8 68.Kxb8 h4 69.Kc7 Kh2
70.Kd6 h3 71.Ke5 Kh1 72.Kf4 h2 73.Kg3 Kg1 74.Kh3+  1-0

[Event "Recklinghausen op"]
[Site "Recklinghausen"]
[Date "1999.??.??"]
[Round "2"]
[White "Wyrwich, Markus"]
[Black "Mainka, Romuald"]
[Result "0-1"]
[WhiteElo "2140"]
[BlackElo "2475"]

1.d4 f5 2.g3 Nf6 3.Bg2 g6 4.Nf3 Bg7 5.O-O O-O 6.c4 d6 7.Nc3 Qe8 8.d5 a5 9.Be3 h6
10.Qd2 Kh7 11.Rab1 Na6 12.h3 Bd7 13.Nd4 c6 14.b3 Nc5 15.a3 Rc8 16.Rfc1 Qf7
17.dxc6 bxc6 18.b4 axb4 19.axb4 Nce4 20.Nxe4 Nxe4 21.Qd3 e5 22.Nb3 Be6 23.Nd2 d5
24.cxd5 cxd5 25.Bb6 h5 26.e3 h4 27.Nxe4 fxe4 28.Qe2 Qd7 29.g4 Rfe8 30.Rxc8 Rxc8
31.Ra1 Rc4 32.Bc5 d4 33.Bxe4 Bd5 34.exd4 exd4 35.Qd3 Qe6 36.Bxd5 Qxd5 37.Rd1 Be5
38.Rd2 Rc3 39.Qxc3 Bh2+ 40.Kxh2 Qe5+ 41.Qg3 hxg3+ 42.fxg3 d3 43.Kg2 Qe3 44.Ra2 d2  0-1

[Event "Staufer-Open 11th"]
[Site "Schwaebisch Gmuend"]
[Date "1999.??.??"]
[Round "3"]
[White "Schnepp, Gunnar"]
[Black "Flaisigova, Petra"]
[Result "1-0"]
[WhiteElo "2265"]
[BlackElo "2055"]

1.d4 f5 2.c4 Nf6 3.g3 g6 4.Bg2 Bg7 5.Nf3 O-O 6.O-O d6 7.Nc3 Qe8 8.Nd5 Na6
9.Nxf6+ Bxf6 10.Bh6 Bg7 11.Bxg7 Kxg7 12.e4 fxe4 13.Ng5 Nb4 14.Nxe4 Nc6 15.d5 Ne5
16.Qd4 Kg8 17.f4 Ng4 18.Rae1 Bd7 19.Ng5 h6 20.Ne6 Bxe6 21.Rxe6 Qf7 22.Bh3 h5
23.Bxg4 hxg4 24.Qe4 Qf5 25.Rxg6+ Kh7 26.Qxf5 Rxf5 27.Rxg4 b5 28.b3 bxc4 29.bxc4 Rb8
30.Re1 Rf7 31.Re2 Rb4 32.Rc2 Rf6 33.Kf2 e5 34.Ke3 Rf7 35.fxe5  1-0

[Event "SVK-chT 9899"]
[Site "SVK"]
[Date "1999.??.??"]
[Round "7"]
[White "Bazant, P."]
[Black "Jurica, Peter"]
[Result "1/2-1/2"]
[WhiteElo "2345"]
[BlackElo "2215"]

1.d4 g6 2.c4 f5 3.g3 Bg7 4.Nf3 Nf6 5.Bg2 O-O 6.O-O d6 7.Nc3 c6 8.Qb3 Na6
9.Bf4 Qb6 10.Qxb6 axb6 11.Na4 Nd7 12.a3 e5 13.dxe5 dxe5 14.Be3 e4 15.Ng5 Re8
16.Rab1 Nac5 17.Nxc5 bxc5 18.Rfd1 Ra4 19.Re1 Bd4 20.Bxd4 cxd4 21.f4 h6 22.Nh3 Nf6
23.Ra1 c5 24.Nf2 Be6 25.b3 Ra6 26.a4 Rb6 27.Ra3 Bc8 28.Rd1 Kg7 29.a5 Rd6
30.b4 cxb4 31.Rb3 Nd7 32.Rxb4 d3 33.exd3 e3 34.Nh3 Nc5 35.Rb2 Rxd3 36.Rxd3 Nxd3
37.Re2 Nc1 38.Re1 Nb3 39.Bd5 Nd4 40.Kf1 Nb3 41.Ng1 Nd2+ 42.Ke2 Be6 43.Kd3 Rd8
44.Rxe3 Bxd5 45.Kxd2 Bxc4+ 46.Kc3 Rc8 47.Kd4 Kf6 48.Nf3 Be6 49.Re5 g5 50.Kd3 Bc4+
51.Ke3 Bf7 52.Kd3 Bc4+ 53.Ke3 Bf7 54.Kd3 Bc4+  1/2-1/2

[Event "Isla de Tenerife op"]
[Site "Tenerife"]
[Date "1999.??.??"]
[Round "5"]
[White "Cancio, Rayco"]
[Black "Vegh, Endre"]
[Result "0-1"]
[WhiteElo "2000"]
[BlackElo "2300"]

1.Nf3 f5 2.d4 Nf6 3.c4 g6 4.g3 Bg7 5.Bg2 O-O 6.O-O d6 7.Nc3 Qe8 8.Qc2 c6
9.e4 fxe4 10.Nxe4 Bf5 11.Nxf6+ Bxf6 12.Qb3 Qd7 13.Bh6 Re8 14.Rad1 Na6 15.Rfe1 Nc7
16.Ng5 Rab8 17.h3 Bxg5 18.Bxg5 Bxh3 19.Bxh3 Qxh3 20.Bxe7 Qd7 21.Qe3 d5 22.b3 Rbc8
23.Qg5 Ne6 24.Rxe6 Qxe6 25.Bf6 Qf5 26.Qxf5 gxf5 27.Be5 dxc4 28.bxc4 c5 29.Bf6 Re6
30.Bg5 cxd4 31.Rxd4 Rc7 32.Bf4 Rf7 33.c5 Kg7 34.Ra4 a6 35.Kg2 Kf6 36.Kf3 Rd7
37.Rb4 Rd3+ 38.Kg2 Rd7 39.Kf3 Kg6 40.Rb1 Rd3+ 41.Kg2 Rd7 42.Kf3 Rc6 43.Bd6 Kf6
44.Kf4 Rf7 45.Ke3 Ke6 46.Kd4 b6 47.Re1+ Kd7 48.Kd5 bxc5 49.Bxc5 f4 50.Re5 fxg3
51.fxg3 Rg6 52.Re3 Rf5+ 53.Kc4 Rc6 54.Rd3+ Ke6  0-1

[Event "RUS-Cup"]
[Site "Tula "]
[Date "1999.??.??"]
[Round "3"]
[White "Temirbaev, Serik"]
[Black "Malaniuk, Vladimir P"]
[Result "1/2-1/2"]
[WhiteElo "2490"]
[BlackElo "2552"]

1.d4 f5 2.g3 Nf6 3.Bg2 g6 4.Nf3 Bg7 5.O-O O-O 6.c4 d6 7.Nc3 c6 8.Rb1 a5 9.d5 e5
10.dxe6 Bxe6 11.b3 Na6 12.Bf4 Nh5 13.Bg5 Qc7 14.Qd2 Nc5 15.Nd4 Rae8 16.Nxe6 Rxe6
17.Be3  1/2-1/2